[Event "SLO-chT 28th"]
[Site "Slovenia"]
[Date "2018.11.02"]
[Round "1.4"]
[White "Markoja, Boris"]
[Black "Budihna, Kristijan"]
[Result "1-0"]
[WhiteElo "2432"]
[BlackElo "2066"]
[PlyCount "69"]
[EventDate "2018.11.02"]
[EventType "team-tourn"]
[EventRounds "9"]
[EventCountry "SLO"]
[SourceTitle "CBM 187 Extra"]
[Source "ChessBase"]
[SourceDate "2018.11.04"]
[SourceVersion "1"]
[SourceVersionDate "2018.11.04"]
[SourceQuality "1"]
[WhiteTeam "Maribor"]
[BlackTeam "Nova Gorica"]
[WhiteTeamCountry "SLO"]
[BlackTeamCountry "SLO"]

1. d4 d5 2. c4 c6 3. Nf3 Nf6 4. g3 e6 5. Bg2 Be7 6. 0-0 0-0 7. b3 Nbd7 8. Bb2 b6 9. Nc3 Ba6 10. Qd3 Rc8 11. e4 dxe4 12. Nxe4 Bb7 13. Nc3 Qc7 14. Rfd1 Rfd8 15. Qe2 Bf8 16. Rac1 c5 17. d5 exd5 18. Nxd5 Nxd5 19. cxd5 Nf6 20. Bxf6 gxf6 21. Qe4 Qd7 22. Nh4 Re8 23. Qf4 Rcd8 24. Nf5 Re5 25. Ne3 Bg7 26. Be4 Qe8 27. Bf3 Bc8 28. Nc4 Rf5 29. Qe4 Qf8 30. Bg2 b5 31. Ne3 Re5 32. Qd3 a6 33. f4 Re7 34. d6 Red7 35. Nf5 1-0

[Event "Nova Gorica op 23rd"]
[Site "Nova Gorica"]
[Date "2018.01.31"]
[Round "8"]
[White "Praznik, Anton"]
[Black "Budihna, Kristijan"]
[Result "1-0"]
[WhiteElo "2145"]
[BlackElo "2062"]
[PlyCount "63"]
[EventDate "2018.01.26"]
[EventType "swiss"]
[EventRounds "9"]
[EventCountry "SLO"]
[SourceTitle "CBM 182 Extra"]
[Source "ChessBase"]
[SourceDate "2018.02.23"]
[SourceVersion "1"]
[SourceVersionDate "2018.02.23"]
[SourceQuality "1"]

1. e4 e5 2. Nf3 Nc6 3. Bb5 a6 4. Ba4 Nf6 5. 0-0 Be7 6. Re1 b5 7. Bb3 d6 8. a4 Bb7 9. c3 Na5 10. Bc2 c5 11. d4 Qc7 12. d5 c4 13. Nbd2 0-0 14. Nf1 Rfe8 15. h3 Bc8 16. Ng3 g6 17. Bh6 Bd7 18. axb5 axb5 19. Nh2 Nb7 20. Qd2 Kh8 21. Bg5 Ng8 22. Bxe7 Rxa1 23. Rxa1 Rxe7 24. Kh1 f6 25. f4 Qb8 26. Nf3 Nc5 27. fxe5 dxe5 28. Qe3 Qd6 29. Nd2 Kg7 30. Ra7 Bc8 31. Ra8 Bb7 32. Nf5+ 1-0

[Event "Nova Gorica op 23rd"]
[Site "Nova Gorica"]
[Date "2018.01.28"]
[Round "5"]
[White "Budihna, Kristijan"]
[Black "Subelj, Jan"]
[Result "0-1"]
[WhiteElo "2062"]
[BlackElo "2220"]
[PlyCount "80"]
[EventDate "2018.01.26"]
[EventType "swiss"]
[EventRounds "9"]
[EventCountry "SLO"]
[SourceTitle "CBM 182 Extra"]
[Source "ChessBase"]
[SourceDate "2018.02.23"]
[SourceVersion "1"]
[SourceVersionDate "2018.02.23"]
[SourceQuality "1"]

1. e4 e5 2. Nf3 Nc6 3. Nc3 Nf6 4. d4 exd4 5. Nxd4 Bb4 6. Nxc6 bxc6 7. Bd3 0-0 8. 0-0 Re8 9. Qf3 Rb8 10. h3 Bd6 11. Rb1 Be5 12. Bf4 Bxf4 13. Qxf4 d6 14. b3 Nd7 15. Qd2 Nc5 16. Rfe1 Qh4 17. Re3 Bd7 18. a3 Re5 19. Rg3 Rbe8 20. Kh2 Nxd3 21. Qxd3 f5 22. Qa6 fxe4 23. Qxa7 Qf4 24. Qe3 Qf8 25. b4 c5 26. Nd1 Rb8 27. Nc3 Rbe8 28. Re1 cxb4 29. axb4 Bf5 30. Ne2 Qf7 31. Nd4 Bg6 32. Kg1 Ra8 33. Qb3 Qxb3 34. Rxb3 Rd5 35. c3 Ra2 36. Re2 Rxe2 37. Nxe2 Rd1+ 38. Kh2 Rd2 39. Nf4 Bf7 40. Ra3 g5 0-1

[Event "Nova Gorica op 23rd"]
[Site "Nova Gorica"]
[Date "2018.01.28"]
[Round "4"]
[White "Jelen, Igor"]
[Black "Budihna, Kristijan"]
[Result "1/2-1/2"]
[WhiteElo "2374"]
[BlackElo "2062"]
[PlyCount "117"]
[EventDate "2018.01.26"]
[EventType "swiss"]
[EventRounds "9"]
[EventCountry "SLO"]
[SourceTitle "CBM 182 Extra"]
[Source "ChessBase"]
[SourceDate "2018.02.23"]
[SourceVersion "1"]
[SourceVersionDate "2018.02.23"]
[SourceQuality "1"]

1. d4 d5 2. c4 c6 3. Nf3 Nf6 4. e3 Bf5 5. Nc3 e6 6. Nh4 Bg6 7. Be2 Be7 8. Qb3 Qb6 9. Nxg6 hxg6 10. Bd2 Nbd7 11. cxd5 exd5 12. Qc2 Rc8 13. Rc1 Bb4 14. 0-0 Bd6 15. g3 0-0 16. Bf3 Rfe8 17. Bg2 Nf8 18. Rfd1 Rcd8 19. Be1 N8h7 20. Na4 Qc7 21. b4 Qe7 22. Qb3 a6 23. Nb2 Ng5 24. a4 Nge4 25. Nd3 Rc8 26. f3 Ng5 27. Bf2 Qd7 28. g4 Nxg4 29. fxg4 Qxg4 30. Ne5 Bxe5 31. dxe5 Nh3+ 32. Kf1 Nxf2 33. Kxf2 Rxe5 34. Rd4 Qg5 35. Bxd5 Rf5+ 36. Bf3 Qf6 37. Qd1 Qe5 38. Rd8+ Rxd8 39. Qxd8+ Kh7 40. Qh4+ Kg8 41. Rd1 f6 42. Rd4 Kf7 43. Qg3 Ke7 44. Qxe5+ Rxe5 45. Bg4 f5 46. Bf3 a5 47. bxa5 Rxa5 48. Rb4 Kf6 49. h4 b5 50. Bxc6 bxa4 51. Bxa4 g5 52. h5 f4 53. e4 g4 54. Bd1 Kg5 55. Rb7 Ra2+ 56. Ke1 f3 57. Rxg7+ Kxh5 58. e5 Ra5 59. Bxf3 1/2-1/2

[Event "Nova Gorica op-A 20th"]
[Site "Nova Gorica"]
[Date "2015.01.31"]
[Round "3"]
[White "Budihna, Kristijan"]
[Black "Murko, David"]
[Result "1/2-1/2"]
[WhiteElo "2026"]
[BlackElo "2099"]
[PlyCount "43"]
[EventDate "2015.01.30"]
[EventType "swiss"]
[EventRounds "9"]
[EventCountry "SLO"]
[SourceTitle "CBM 164 Extra"]
[Source "ChessBase"]
[SourceDate "2015.03.02"]
[SourceVersion "1"]
[SourceVersionDate "2015.03.02"]
[SourceQuality "1"]

1. e4 d5 2. exd5 Nf6 3. d4 Bg4 4. Nf3 Nxd5 5. Be2 e6 6. 0-0 Be7 7. c4 Nf6 8. Nc3 0-0 9. Be3 Nbd7 10. Ne5 Bxe2 11. Qxe2 c5 12. Rfd1 cxd4 13. Rxd4 Qc8 14. Nxd7 Nxd7 15. Rad1 Nf6 16. Bg5 Qc5 17. Ne4 Nxe4 18. Bxe7 Qxe7 19. Qxe4 Rfd8 20. Rxd8+ Rxd8 21. Rxd8+ Qxd8 22. g3 1/2-1/2

[Event "Nova Gorica op-A 18th"]
[Site "Nova Gorica"]
[Date "2013.01.26"]
[Round "2"]
[White "Budihna, Kristijan"]
[Black "Cretnik, Urban"]
[Result "1-0"]
[WhiteElo "2057"]
[BlackElo "1758"]
[PlyCount "93"]
[EventDate "2013.01.25"]
[EventType "swiss"]
[EventRounds "9"]
[EventCountry "SLO"]
[SourceTitle "CBM 152 Extra"]
[Source "ChessBase"]
[SourceDate "2013.02.25"]
[SourceVersion "1"]
[SourceVersionDate "2013.02.25"]
[SourceQuality "1"]

1. e4 c5 2. Nf3 Nc6 3. d4 cxd4 4. Nxd4 e5 5. Nb5 d6 6. N1c3 a6 7. Na3 Be7 8. Nc4 b5 9. Ne3 Nf6 10. Ned5 Nxd5 11. Nxd5 Be6 12. c4 Rb8 13. cxb5 axb5 14. Bd3 0-0 15. 0-0 Bg5 16. Qh5 Bxc1 17. Raxc1 Bxd5 18. exd5 g6 19. Qh6 Nd4 20. Kh1 f5 21. h4 Qe7 22. Rc3 Rb7 23. Rfc1 Qg7 24. Qd2 Qe7 25. Bf1 Qxh4+ 26. Rh3 Qf6 27. Qa5 Qf7 28. f4 Re8 29. Qb4 Rc7 30. Rhc3 Rxc3 31. bxc3 Rc8 32. Qxd6 e4 33. Qe5 Qg7 34. Qxg7+ Kxg7 35. Rd1 Nc2 36. Bxb5 Rc5 37. d6 Rc8 38. d7 Rd8 39. a4 Na3 40. Be2 Kf7 41. a5 Ke7 42. a6 Nc2 43. Rd2 Ne3 44. c4 Ng4 45. Bxg4 fxg4 46. Kg1 Kf7 47. Kf2 1-0

[Event "Nova Gorica op-A 18th"]
[Site "Nova Gorica"]
[Date "2013.01.25"]
[Round "1"]
[White "Pridigar, Lovro"]
[Black "Budihna, Kristijan"]
[Result "1-0"]
[WhiteElo "1555"]
[BlackElo "2057"]
[PlyCount "55"]
[EventDate "2013.01.25"]
[EventType "swiss"]
[EventRounds "9"]
[EventCountry "SLO"]
[SourceTitle "CBM 152 Extra"]
[Source "ChessBase"]
[SourceDate "2013.02.25"]
[SourceVersion "1"]
[SourceVersionDate "2013.02.25"]
[SourceQuality "1"]

1. Nf3 Nf6 2. d4 e6 3. g3 b6 4. Bg2 Bb7 5. 0-0 Be7 6. Nbd2 0-0 7. c4 c5 8. Nb3 Na6 9. e3 Rc8 10. Qe2 Qc7 11. Nbd2 Ne4 12. b3 Nb4 13. Bb2 Nxd2 14. Qxd2 d5 15. cxd5 Nxd5 16. dxc5 Qxc5 17. Rac1 Qb4 18. Rfd1 Qxd2 19. Nxd2 b5 20. Bd4 Bb4 21. Ne4 Ba3 22. Rxc8 Rxc8 23. Bxa7 h6 24. Bd4 Rc2 25. Rd2 Rc1+ 26. Bf1 Nxe3 27. Bxe3 Bxe4 28. Rd8+ 1-0

[Event "SLO-chT 20th"]
[Site "Gostovanja"]
[Date "2010.06.19"]
[Round "3"]
[White "Budihna, Kristijan"]
[Black "Gazvoda, Franc"]
[Result "0-1"]
[WhiteElo "2068"]
[BlackElo "2041"]
[PlyCount "88"]
[EventDate "2010.05.15"]
[EventType "team-tourn"]
[EventRounds "9"]
[EventCountry "SLO"]
[SourceTitle "EXT 2020"]
[Source "ChessBase"]
[SourceDate "2019.10.17"]
[SourceVersion "1"]
[SourceVersionDate "2019.10.17"]
[SourceQuality "1"]
[WhiteTeam "Nova Gorica"]
[BlackTeam "Sentjur Bohorc"]
[WhiteTeamCountry "SLO"]
[BlackTeamCountry "SLO"]

1. e4 c5 2. Nf3 e6 3. d4 cxd4 4. Nxd4 Nf6 5. Nc3 Nc6 6. Ndb5 d6 7. Bf4 e5 8. Bg5 a6 9. Na3 b5 10. Bxf6 gxf6 11. Nd5 Bg7 12. c3 Be6 13. Nc2 f5 14. exf5 Bxf5 15. Nce3 Bg6 16. h4 h6 17. Qg4 h5 18. Qf3 e4 19. Qe2 Ne5 20. Nf4 Bh6 21. Ned5 0-0 22. Nxh5 Nd3+ 23. Kd1 Nxf2+ 24. Qxf2 Bxh5+ 25. Be2 Bxe2+ 26. Qxe2 f5 27. g4 Re8 28. gxf5 Re5 29. Ne3 Qf8 30. Rg1+ Kh8 31. Qh5 Ra7 32. Ng4 Rd5+ 33. Ke1 Rh7 34. Qg6 Rxf5 35. Ke2 Bf4 36. Raf1 Qc8 37. Nh6 Qc4+ 38. Ke1 Bd2+ 39. Kxd2 Qd3+ 40. Ke1 Qb1+ 41. Kd2 Qxb2+ 42. Kd1 Qb1+ 43. Kd2 Qb2+ 44. Kd1 Rd5+ 0-1

[Event "SLO-chT2 West"]
[Site "Postojna"]
[Date "2009.11.07"]
[Round "7.3"]
[White "Stanic, Simon"]
[Black "Budihna, Kristijan"]
[Result "0-1"]
[WhiteElo "2034"]
[BlackElo "2038"]
[PlyCount "106"]
[EventDate "2009.10.23"]
[EventType "team-tourn"]
[EventRounds "9"]
[EventCountry "SLO"]
[SourceTitle "EXT 2010"]
[Source "ChessBase"]
[SourceDate "2010.11.25"]
[SourceVersion "1"]
[SourceVersionDate "2010.11.25"]
[SourceQuality "1"]
[WhiteTeam "Loska Dolina"]
[BlackTeam "Nova Gorica"]
[WhiteTeamCountry "SLO"]
[BlackTeamCountry "SLO"]

1. e4 e5 2. Nf3 Nc6 3. d4 exd4 4. Bc4 Nf6 5. e5 d5 6. Bb5 Ne4 7. Nxd4 Bd7 8. Nxc6 bxc6 9. Bd3 Qh4 10. g3 Qh3 11. Bxe4 dxe4 12. Qe2 Qg2 13. Qf1 Qf3 14. Nd2 Qh5 15. Qe2 Qxe5 16. Qxe4 Qxe4+ 17. Nxe4 Bh3 18. Rg1 0-0-0 19. Be3 f6 20. Rd1 Re8 21. Nc3 Bc5 22. Kd2 Bxe3+ 23. fxe3 Bg4 24. Rde1 Rd8+ 25. Kc1 Rhe8 26. Rg2 Re5 27. Rf2 f5 28. Rf4 g5 29. Ra4 a5 30. Rf1 Rde8 31. Rf2 Kb7 32. Nd1 Kb6 33. b4 Kb5 34. Rxa5+ Kxb4 35. Rxe5 Rxe5 36. c3+ Kc4 37. Nb2+ Kb5 38. Kd2 c5 39. a4+ Kc6 40. Rf1 Rd5+ 41. Kc2 c4 42. Rf2 Kc5 43. h4 h6 44. hxg5 hxg5 45. Kc1 Rd8 46. Rh2 Bf3 47. Rh7 c6 48. Rb7 Rh8 49. Kb1 Be4+ 50. Ka2 Bc2 51. Rb4 Bb3+ 52. Ka3 Rh1 53. Nd3+ cxd3 0-1

[Event "SLO-chT2 West"]
[Site "Postojna"]
[Date "2009.11.06"]
[Round "6.3"]
[White "Budihna, Kristijan"]
[Black "Vrcon, Damijan"]
[Result "1/2-1/2"]
[WhiteElo "2038"]
[BlackElo "2206"]
[PlyCount "110"]
[EventDate "2009.10.23"]
[EventType "team-tourn"]
[EventRounds "9"]
[EventCountry "SLO"]
[SourceTitle "EXT 2010"]
[Source "ChessBase"]
[SourceDate "2010.11.25"]
[SourceVersion "1"]
[SourceVersionDate "2010.11.25"]
[SourceQuality "1"]
[WhiteTeam "Nova Gorica"]
[BlackTeam "Koper"]
[WhiteTeamCountry "SLO"]
[BlackTeamCountry "SLO"]

1. e4 c5 2. Nf3 Nf6 3. Nc3 Nc6 4. d4 d5 5. exd5 Nxd5 6. dxc5 Nxc3 7. Qxd8+ Kxd8 8. bxc3 f6 9. Be3 e5 10. Nd2 Kc7 11. f3 Ne7 12. Bc4 Bf5 13. 0-0-0 Nc6 14. Nb3 Be7 15. Rd2 Rad8 16. Rhd1 Rxd2 17. Rxd2 h5 18. Bd5 g5 19. Re2 Rd8 20. Bxc6 Kxc6 21. Bxg5 Kb5 22. Be3 a6 23. Rd2 Rg8 24. Kb2 Bc8 25. Re2 h4 26. Nd2 f5 27. g3 Bf6 28. Bf2 hxg3 29. hxg3 Rh8 30. f4 e4 31. Bd4 Rh6 32. g4 fxg4 33. Nxe4 Be7 34. Rf2 Re6 35. Nd2 g3 36. Rg2 Rg6 37. Ne4 Rg4 38. Rxg3 Rxf4 39. Nd6+ Bxd6 40. cxd6 Kc6 41. Ba7 Rg4 42. Rd3 Rg2 43. Bb8 Bd7 44. Rd4 Rg4 45. Rd2 b5 46. Bc7 Be6 47. Bb8 Bd7 48. Rd3 Kb7 49. Bc7 Kc6 50. Rf3 Rg8 51. Rf4 Rg4 52. Rf8 Ra4 53. Rb8 Be6 54. a3 Kd7 55. Bd8 Kxd6 1/2-1/2

[Event "SLO-chT2 West"]
[Site "Postojna"]
[Date "2009.10.24"]
[Round "2.3"]
[White "Budihna, Kristijan"]
[Black "Ursic, Mateja"]
[Result "1-0"]
[WhiteElo "2038"]
[BlackElo "2084"]
[PlyCount "73"]
[EventDate "2009.10.23"]
[EventType "team-tourn"]
[EventRounds "9"]
[EventCountry "SLO"]
[SourceTitle "EXT 2010"]
[Source "ChessBase"]
[SourceDate "2010.11.25"]
[SourceVersion "1"]
[SourceVersionDate "2010.11.25"]
[SourceQuality "1"]
[WhiteTeam "Nova Gorica"]
[BlackTeam "Tolmin Hidria"]
[WhiteTeamCountry "SLO"]
[BlackTeamCountry "SLO"]

1. e4 e5 2. Nf3 Nc6 3. Nc3 Nf6 4. d4 exd4 5. Nxd4 Bc5 6. Be3 Bb6 7. Nxc6 bxc6 8. Bxb6 axb6 9. e5 Qe7 10. Qe2 Nd5 11. Nxd5 cxd5 12. a3 0-0 13. 0-0-0 Bb7 14. f4 Ra4 15. Qf3 d6 16. exd6 Qxd6 17. g3 Rfa8 18. h4 R4a7 19. Rg1 d4 20. Qd3 c5 21. h5 Re8 22. Qd2 Qe6 23. Bb5 Qa2 24. Qd3 Re7 25. Rde1 Bd5 26. Qf5 Be6 27. Qe5 Rac7 28. Qd6 Qd5 29. Qxb6 Rb7 30. Qa6 Ra7 31. Qc6 Qa2 32. Qb6 f6 33. f5 Qa1+ 34. Kd2 Qxb2 35. Rxe6 Rxe6 36. Qxe6+ Kf8 37. Qe8# 1-0

[Event "SLO-chT1 West"]
[Site "Ljubljana"]
[Date "2008.11.22"]
[Round "7.4"]
[White "Budkovic, Tine"]
[Black "Budihna, Kristijan"]
[Result "0-1"]
[WhiteElo "2103"]
[BlackElo "2016"]
[PlyCount "82"]
[EventDate "2008.11.13"]
[EventType "team-tourn"]
[EventRounds "9"]
[EventCountry "SLO"]
[SourceTitle "EXT 2010"]
[Source "ChessBase"]
[SourceDate "2010.11.25"]
[SourceVersion "1"]
[SourceVersionDate "2010.11.25"]
[SourceQuality "1"]
[WhiteTeam "Komenda"]
[BlackTeam "Nova Gorica"]
[WhiteTeamCountry "SLO"]
[BlackTeamCountry "SLO"]

1. e4 e5 2. Nf3 Nc6 3. Nc3 Nf6 4. Bb5 d6 5. d3 h6 6. Be3 Be7 7. h3 0-0 8. Ne2 Re8 9. Qd2 Bf8 10. Ng3 d5 11. Qe2 a6 12. Ba4 b5 13. Bb3 Bb7 14. 0-0 dxe4 15. dxe4 Nd4 16. Bxd4 exd4 17. e5 c5 18. c4 Qb6 19. Qd3 Nd7 20. Rfe1 b4 21. Qf5 Qc6 22. Bc2 g6 23. Qf4 Qe6 24. Ne4 Rad8 25. Bb3 Bc6 26. Nxd4 cxd4 27. Rad1 Bxe4 28. Rxe4 Nc5 29. Rexd4 Rxd4 30. Qxd4 Qxe5 31. Qxe5 Rxe5 32. Bc2 Re2 33. Rc1 Bg7 34. Bb1 Bxb2 35. Rd1 a5 36. g3 a4 37. h4 h5 38. Kg2 a3 39. g4 hxg4 40. h5 gxh5 41. Kg3 b3 0-1

[Event "SLO-chT1 West"]
[Site "Ljubljana"]
[Date "2008.11.14"]
[Round "2.4"]
[White "Aljancic, Martin"]
[Black "Budihna, Kristijan"]
[Result "1-0"]
[WhiteElo "2160"]
[BlackElo "2016"]
[PlyCount "57"]
[EventDate "2008.11.13"]
[EventType "team-tourn"]
[EventRounds "9"]
[EventCountry "SLO"]
[SourceTitle "EXT 2010"]
[Source "ChessBase"]
[SourceDate "2010.11.25"]
[SourceVersion "1"]
[SourceVersionDate "2010.11.25"]
[SourceQuality "1"]
[WhiteTeam "Stari Mayr Kranj"]
[BlackTeam "Nova Gorica"]
[WhiteTeamCountry "SLO"]
[BlackTeamCountry "SLO"]

1. e4 e5 2. Nf3 Nc6 3. d4 exd4 4. Bc4 Nf6 5. e5 d5 6. Bb5 Ne4 7. Nxd4 Bd7 8. Bxc6 bxc6 9. 0-0 Bc5 10. f3 Ng5 11. Be3 0-0 12. f4 Ne4 13. Nd2 Nxd2 14. Qxd2 f6 15. Nb3 Bxe3+ 16. Qxe3 Qe7 17. Rae1 fxe5 18. fxe5 Rxf1+ 19. Kxf1 Be6 20. Kg1 a5 21. Nd4 Ra6 22. Qc3 Qe8 23. a4 h6 24. Nb3 Qg6 25. Nc5 Rb6 26. Nxe6 Qxe6 27. Qxa5 Rxb2 28. Qc3 Ra2 29. Qb3 1-0

[Event "SLO-chT U20 17th"]
[Site "Murska Sobota"]
[Date "2008.08.30"]
[Round "7.2"]
[White "Budihna, Kristijan"]
[Black "Jordan, Marko"]
[Result "1-0"]
[WhiteElo "2012"]
[BlackElo "1512"]
[PlyCount "33"]
[EventDate "2008.08.30"]
[EventType "team-tourn"]
[EventRounds "7"]
[EventCountry "SLO"]
[SourceTitle "EXT 2010"]
[Source "ChessBase"]
[SourceDate "2010.11.25"]
[SourceVersion "1"]
[SourceVersionDate "2010.11.25"]
[SourceQuality "1"]
[WhiteTeam "Nova Gorica"]
[BlackTeam "Triglav Krsko"]
[WhiteTeamCountry "SLO"]
[BlackTeamCountry "SLO"]

1. e4 e5 2. Nf3 d6 3. d4 exd4 4. Nxd4 Bd7 5. Bc4 Nf6 6. 0-0 Nc6 7. Nc3 Be7 8. h3 0-0 9. Be3 Nxd4 10. Bxd4 Bc6 11. Re1 a6 12. a4 Nd7 13. f4 Re8 14. Qh5 g6 15. Bxf7+ Kxf7 16. Qxh7+ Ke6 17. f5+ 1-0

[Event "SLO-chT U20 17th"]
[Site "Murska Sobota"]
[Date "2008.08.26"]
[Round "2.2"]
[White "Pavsic, Andrej"]
[Black "Budihna, Kristijan"]
[Result "0-1"]
[WhiteElo "1575"]
[BlackElo "2012"]
[PlyCount "64"]
[EventDate "2008.08.30"]
[EventType "team-tourn"]
[EventRounds "7"]
[EventCountry "SLO"]
[SourceTitle "EXT 2010"]
[Source "ChessBase"]
[SourceDate "2010.11.25"]
[SourceVersion "1"]
[SourceVersionDate "2010.11.25"]
[SourceQuality "1"]
[WhiteTeam "Hidria Tolmin"]
[BlackTeam "Nova Gorica"]
[WhiteTeamCountry "SLO"]
[BlackTeamCountry "SLO"]

1. e4 e5 2. Nf3 Nc6 3. Bc4 Bc5 4. Nc3 Nf6 5. d3 h6 6. Be3 Bb6 7. d4 exd4 8. Nxd4 0-0 9. 0-0 d6 10. Qd2 Ng4 11. Nf5 Bxf5 12. exf5 Qh4 13. Bf4 Nge5 14. Be2 Nd4 15. Bg3 Qd8 16. Bxe5 dxe5 17. Bd3 Re8 18. Qe1 e4 19. Nxe4 Nxf5 20. Qd1 Qh4 21. Qf3 Nd4 22. Qg3 Rxe4 23. Qxh4 Rxh4 24. Rfe1 Kf8 25. c3 Ne6 26. g3 Rh5 27. Kg2 Rd8 28. Be4 c6 29. Bf3 Rb5 30. Re2 Ng5 31. Rae1 Nxf3 32. Kxf3 Rbd5 0-1

[Event "SLO-chT2"]
[Site "Ljubljana"]
[Date "2007.11.24"]
[Round "8.4"]
[White "Plaskan, Jure"]
[Black "Budihna, Kristijan"]
[Result "1-0"]
[WhiteElo "2103"]
[BlackElo "2012"]
[PlyCount "63"]
[EventDate "2007.11.15"]
[EventType "team"]
[EventRounds "9"]
[EventCountry "SLO"]
[SourceTitle "CBM 121 Extra"]
[Source "ChessBase"]
[SourceDate "2008.01.10"]
[SourceVersion "1"]
[SourceVersionDate "2008.01.10"]
[SourceQuality "1"]
[WhiteTeam "Domzale"]
[BlackTeam "Nova Gorica"]
[WhiteTeamCountry "SLO"]
[BlackTeamCountry "SLO"]

1. e4 e5 2. Nf3 Nc6 3. Bb5 a6 4. Ba4 Nf6 5. 0-0 Be7 6. Re1 b5 7. Bb3 0-0 8. h3 d6 9. c3 Nb8 10. d4 Nbd7 11. Nbd2 Bb7 12. Bc2 Re8 13. Nf1 Bf8 14. Ng3 g6 15. a4 c5 16. d5 c4 17. Bg5 h6 18. Be3 Nc5 19. Nh2 h5 20. Qf3 Be7 21. Ngf1 Qc7 22. Nd2 Reb8 23. Qe2 Ncd7 24. Rf1 Re8 25. f4 exf4 26. Rxf4 Bxd5 27. exd5 Nxd5 28. Re4 N7f6 29. Bd4 Nxe4 30. Bxe4 Bf6 31. Qf3 Bxd4+ 32. cxd4 1-0

[Event "SLO-chT U20"]
[Site "Murska Sobota"]
[Date "2007.08.29"]
[Round "6"]
[White "Budihna, Kristijan"]
[Black "Titan, Matej"]
[Result "1/2-1/2"]
[WhiteElo "2048"]
[BlackElo "1543"]
[PlyCount "57"]
[EventDate "2007.08.25"]
[EventType "team-swiss"]
[EventRounds "9"]
[EventCountry "SLO"]
[SourceTitle "CBM 120 Extra"]
[Source "ChessBase"]
[SourceDate "2007.11.01"]
[SourceVersion "1"]
[SourceVersionDate "2007.11.01"]
[SourceQuality "1"]

1. e4 e5 2. Nf3 Nc6 3. Nc3 Nf6 4. d4 Bb4 5. Nxe5 Qe7 6. Nxc6 Qxe4+ 7. Qe2 Bxc3+ 8. bxc3 Qxe2+ 9. Bxe2 dxc6 10. Ba3 Be6 11. 0-0 0-0-0 12. Bb2 Nd5 13. f4 Bf5 14. Bf3 Bxc2 15. Rae1 Rhe8 16. g3 Bd3 17. Rxe8 Rxe8 18. Rd1 Bc4 19. Kf2 Nb6 20. a3 Bd5 21. Be2 Bc4 22. Bf3 Bb3 23. Re1 Rxe1 24. Kxe1 Nc4 25. Bc1 Bc2 26. Be2 Nd6 27. Kd2 Bb3 28. Bd3 Bc4 29. Bc2 1/2-1/2

[Event "SLO-chT U20"]
[Site "Murska Sobota"]
[Date "2007.08.28"]
[Round "5"]
[White "Bucar, Natasa"]
[Black "Budihna, Kristijan"]
[Result "1-0"]
[WhiteElo "1773"]
[BlackElo "2048"]
[PlyCount "89"]
[EventDate "2007.08.25"]
[EventType "team-swiss"]
[EventRounds "9"]
[EventCountry "SLO"]
[SourceTitle "CBM 120 Extra"]
[Source "ChessBase"]
[SourceDate "2007.11.01"]
[SourceVersion "1"]
[SourceVersionDate "2007.11.01"]
[SourceQuality "1"]

1. e4 e5 2. Nf3 Nc6 3. Bb5 a6 4. Ba4 Nf6 5. 0-0 Be7 6. Re1 b5 7. Bb3 0-0 8. c3 d6 9. h3 Nb8 10. d4 Nbd7 11. Nbd2 Bb7 12. d5 c5 13. Nf1 c4 14. Bc2 Re8 15. g4 Nc5 16. Ng3 g6 17. Bh6 Qc7 18. g5 Nfd7 19. Nh2 Qd8 20. h4 Bf8 21. Ng4 Bg7 22. Qf3 Rf8 23. h5 Kh8 24. hxg6 fxg6 25. Qh1 Bxh6 26. Qxh6 Rf4 27. Qh4 Qe7 28. Ne2 Rf7 29. Kg2 Raf8 30. Rh1 Nd3 31. Bxd3 cxd3 32. Nc1 Rf4 33. Nxd3 Rxe4 34. Nb4 Rxb4 35. cxb4 Bxd5+ 36. Kg3 Bxh1 37. Rxh1 Rf5 38. Rc1 Nf8 39. Nf6 Qb7 40. Rc3 Qa7 41. Kg2 Rf4 42. Qg3 Nd7 43. Rc8+ Kg7 44. Rc7 Qa8+ 45. Kg1 1-0

[Event "SLO-chT U20"]
[Site "Murska Sobota"]
[Date "2007.08.26"]
[Round "2"]
[White "Budihna, Kristijan"]
[Black "Vrban, Rok"]
[Result "0-1"]
[WhiteElo "2048"]
[BlackElo "1931"]
[PlyCount "95"]
[EventDate "2007.08.25"]
[EventType "team-swiss"]
[EventRounds "9"]
[EventCountry "SLO"]
[SourceTitle "CBM 120 Extra"]
[Source "ChessBase"]
[SourceDate "2007.11.01"]
[SourceVersion "1"]
[SourceVersionDate "2007.11.01"]
[SourceQuality "1"]

1. e4 e5 2. Nf3 Nc6 3. Nc3 Nf6 4. d4 exd4 5. Nxd4 Bb4 6. Nxc6 bxc6 7. Bd3 d5 8. exd5 Qe7+ 9. Qe2 cxd5 10. 0-0 Qxe2 11. Nxe2 Be6 12. Bb5+ Bd7 13. Bxd7+ Kxd7 14. Be3 Rhe8 15. Nf4 Bd6 16. Rfe1 c5 17. Ne2 Ng4 18. Bf4 Rxe2 19. Rxe2 Bxf4 20. h3 Nf6 21. Rd1 Bd6 22. Re3 Rb8 23. Ra3 Rb7 24. b3 Bb8 25. Ra6 Rb6 26. Ra4 Rb4 27. Ra5 Kc6 28. c3 Rb5 29. Ra4 Rb7 30. Re1 Kd6 31. g4 h6 32. Rd1 Bc7 33. h4 h5 34. f3 Bb6 35. g5 Ng8 36. Kg2 g6 37. Rf4 Re7 38. Kf1 Ke5 39. Ra4 d4 40. Rc4 Rd7 41. Re1+ Kd5 42. a4 a5 43. cxd4 cxd4 44. Re8 Ne7 45. Rb8 Rd6 46. Rf8 Ke6 47. Ke1 Rc6 48. Rc8 0-1